000 00418nam a2200157 4500
001 116115
003 ES-MaACL
005 20230906190634.0
007 t|
008 061121s1972 sp r ||||1| spa d
100 1 _aPaternostro, Sandro.
_989561
245 1 3 _aLa China de Mao /
_cSandro Paternostro.
260 _aBilbao :
_bMensajero,
_c1972.
300 _a407 p. ;
_c22 cm.
852 _aES-MaACL
_jC-51299
_bR.85154
999 _c116115
_d116115